I'm nobody! Who are you? : (Record no. 1583)

MARC details
000 -LEADER
fixed length control field 00988cam a2200289 i 4500
005 - DATE AND TIME OF LATEST TRANSACTION
control field 20230907150215.0
020 ## - INTERNATIONAL STANDARD BOOK NUMBER
International Standard Book Number 9780439295765
040 ## - CATALOGING SOURCE
Original cataloging agency DLC
Transcribing agency DLC
Modifying agency DLC
Language of cataloging eng
050 00 - LIBRARY OF CONGRESS CALL NUMBER
Classification number PS1541.I54
082 00 - DEWEY DECIMAL CLASSIFICATION NUMBER
Classification number 811.4
100 1# - MAIN ENTRY--PERSONAL NAME
Personal name Dickinson, Emily,
Dates associated with a name 1830-1886.
245 10 - TITLE STATEMENT
Title I'm nobody! Who are you? :
Remainder of title poems of Emily Dickinson for children /
Statement of responsibility, etc. illustrated by Rex Schneider ; with an introd. by Richard B. Sewall.
250 ## - EDITION STATEMENT
Edition statement 1st ed.
260 ## - PUBLICATION, DISTRIBUTION, ETC.
Name of publisher, distributor, etc. Scholastic
Date of publication, distribution, etc. 2012
300 ## - PHYSICAL DESCRIPTION
Extent 105 pages :
Other physical details illustrations;
Dimensions 18 cm
500 ## - GENERAL NOTE
General note "A Barbara Holdridge book."
505 ## - FORMATTED CONTENTS NOTE
Formatted contents note S <br/>
520 ## - SUMMARY, ETC.
Summary, etc. An illustrated collection of poems by an outstanding 19th-century American poet whose works were published posthumously.
521 ## - TARGET AUDIENCE NOTE
Target audience note 790 <br/>
Source Lexile <br/>
521 ## - TARGET AUDIENCE NOTE
Target audience note S <br/>
Source Raz-Plus <br/>
650 #0 - SUBJECT ADDED ENTRY--TOPICAL TERM
Topical term or geographic name entry element Children's poetry, American.
650 #1 - SUBJECT ADDED ENTRY--TOPICAL TERM
Topical term or geographic name entry element American poetry.
700 1# - ADDED ENTRY--PERSONAL NAME
Personal name Mesmer, Edric S.
906 ## - LOCAL DATA ELEMENT F, LDF (RLIN)
a 7
b cbc
c orignew
d 1
e ocip
f 19
g y-gencatlg
942 ## - ADDED ENTRY ELEMENTS (KOHA)
Source of classification or shelving scheme Dewey Decimal Classification
Koha item type Books
Suppress in OPAC No
999 ## -
-- 1583
-- 1583
Holdings
Withdrawn status Lost status Source of classification or shelving scheme Damaged status Not for loan Collection Home library Current library Shelving location Date acquired Total Checkouts Full call number Barcode Date last seen Copy number Price effective from Koha item type
    Dewey Decimal Classification     Juvenile Fiction Footprints International School Library Network Toul Kork Campus Footprints International School Library Network Toul Kork Campus TTP Secondary Fiction Bookshelves 09/17/2024   DIC Fic PS1541.I54 2024-1984 09/07/2023 1 09/17/2024 Books